Look at how you manage your money (Record no. 77533)

MARC details
000 -LEADER
fixed length control field 01104cab a2200217 4500
001 - CONTROL NUMBER
control field ##L134466
008 - FIXED-LENGTH DATA ELEMENTS--GENERAL INFORMATION
fixed length control field 060808n2006 000 0 eng u
035 ## - SYSTEM CONTROL NUMBER
System control number (Sirsi) u134466
041 0# - LANGUAGE CODE
Language code of text/sound track or separate title eng
100 1# - MAIN ENTRY--PERSONAL NAME
Personal name Hancock, Stephen
245 00 - TITLE STATEMENT
Title Look at how you manage your money
260 ## - PUBLICATION, DISTRIBUTION, ETC.
Date of publication, distribution, etc. 2006
490 #0 - SERIES STATEMENT
Series statement Estates Gazette
Volume/sequential designation (0631) 5 August 2006, 82-84(3)
520 ## - SUMMARY, ETC.
Summary, etc. Discusses the revisions to accounting guidance, the Statement Of Recommended Practice (SORP), that will affect the transition of companies to Limited Liability Partnerships (LLPs). The revisions have implications on members' capital, profit allocations, and members' retirement benefits. Advises on how to alter business practices relating to the way that capital, distibutions and taxation are addressed in LLP's constitutions, to comply with the new SORP. (See also L134470).
590 ## - LOCAL NOTE (RLIN)
Local note IKA220806
650 24 - SUBJECT ADDED ENTRY--TOPICAL TERM
Topical term or geographic name entry element CCAB STATEMENT OF RECOMMENDED PRACTICE
651 #4 - SUBJECT ADDED ENTRY--GEOGRAPHIC NAME
Geographic name GREAT BRITAIN
690 ## - LOCAL SUBJECT ADDED ENTRY--TOPICAL TERM (OCLC, RLIN)
Topical term or geographic name as entry element MANAGEMENT-BUSINESS MANAGEMENT-FINANCIAL MANAGEMENT-ACCOUNTING-FINANCIAL REPORTING
700 1# - ADDED ENTRY--PERSONAL NAME
Personal name Cearns, Kathryn
942 ## - ADDED ENTRY ELEMENTS (KOHA)
Suppress in OPAC 0
Holdings
Withdrawn status Lost status Source of classification or shelving scheme Damaged status Not for loan Home library Current library Shelving location Date acquired Total Checkouts Full call number Barcode Date last seen Copy number Price effective from Koha item type
    Dewey Decimal Classification     London London Journal article 08/08/2006   L134466 134466-1001 06/08/2019 1 06/08/2019 Journal article